02137nam a22002657a 4500003000900000005001700009008003800026020001900064040002200083082003600105100003800141245009300179260005400272300002400326500007300350500002200423504003700445505115800482651002401640651005001664651005001714651003601764651003601800700003501836DO-SdBNP20220407110556.0210428b2021 dr. 2021 00| 0 spa d a97899450048861 aBPMSUbspacBPMSU a327.97293097294bB623H 20122221 aBissainthe, Jean Ghasmann,d1961-10aHaití:bel drama nacional /cJean Ghasmann Bissainthe ; prólogo Franklin J. Franco  aSanto Domingo :bLibrería la Trinitaria,c2021. a469 p. ;c23 cm.b  aIncluyes datos biográficos del autor en la solapa de la cubierta  aIncluye índice  aBibliográfica ; p. 457 - 469.  aProblemas geopolíticos y demográficos --- Los mayores sismos y sus consecuencias para Haití -- Procedencia de los esclavos haitianos y del vodú -- Misticismo -- Complejos de los negros -- Dimensión geopolítica de las sublevaciones esclavas -- Perfiles y creencias de los esclavos -- La nación haitiana -- Conciencia y solidaridad de clase -- Estructuras mentales -- Los extranjeros vistos por los haitianos -- Nuevas estructuras haitianas -- Sexo, poder y crímenes abyectos -- Ontología haitiana -- Luchas raciales y sociales -- La ideología indigenista -- Aspectos religiosos y mágicos -- Estrategias imperiales de los haitianos -- Proyectos unitarios y agrarios -- Mentalidad haitiana -- Períodos históricos y prejuicios raciales -- Ambiciones neo-colonialistas de los europeos y norteamericanos -- Nuevas maniobras del Tío Sam -- Consecuencias de la ocupación norteamericana -- Ideología de la negritud y el cocaísmo -- El poder de los negros y las estrategias mulatas -- El reino de los Duvalier -- El periodo post-duvalierista Duvalier versus Arístides Nuevos dramas nacionales Nuevas fiestas electorales.  4a HaitíxHistoria. 4aHaití xRelacioneszRepública Dominicana. 4aRepública Dominicana xRelacioneszHaití. 4aHaitíx Condiciones sociales. 4aHaitíxPolítica y gobierno.1 aFranco, Franklin Jeprólogo